Biblioteca

Images of church and mission in African independent churches (Registro nro. 70364)

Detalles MARC
000 -LÍDER
Campo fijo de descripción fija 01709nab a2200241 i 4500
001 - NÚMERO DE CONTROL
Campo de control 768714001
003 - IDENTIFICADOR DEL NÚMERO DE CONTROL
Campo de control CO-MdFUSB
005 - FECHA Y HORA DE LA ULTIMA TRANSACCIÓN
control field 20240626143714.0
008 - ELEMENTOS DE LONGITUD FIJA -- INFORMACIÓN GENERAL
Campo fijo de descripción fija -- Información general 240626t1995 us ||||| |||| 00| 0 eng d
040 ## - FUENTE DE CATALOGACIÓN
Idioma de catalogación spa
Agencia que realiza la transcripción CO-MdFUSB
Agencia que realiza la modificación CO-MdFUSB
041 ## - CÓDIGO DE IDIOMA
Código de idioma para texto/pista de sonido o título separado eng
100 ## - ASIENTO PRINCIPAL--NOMBRE PERSONAL
Nombre personal Thomas, Norman E.,
Término relacionador autor
245 ## - TÍTULO
Título Images of church and mission in African independent churches
Mención de responsabilidad / Norman E. Thomas
520 ## - NOTA DE RESUMEN, ETC.
Nota de sumario, etc. Las iglesias africanas independientes/indígenas (AIC) son parte integral de la corriente principal del cristianismo, más que una aberración. Este artículo es un análisis de las imágenes de la iglesia y la misión de las AIC del tipo pentecostal/profeta-sanador, muchas de las cuales brindan un énfasis renovado en las imágenes de la iglesia apostólica.<br/>Se describen seis imágenes de la iglesia con casos ilustrativos: la iglesia como el Monte Sión, la iglesia como el lugar donde habita el Espíritu, la iglesia como dones diversos pero un solo Espíritu, la iglesia como un lugar de poder para proteger y sanar, la la iglesia como comunidad disciplinada y la iglesia como libertadora de la pobreza.<br/>A continuación se presentan cuatro imágenes de la misión: experimentar el poder del Espíritu, comisionar a todos los creyentes para la misión, sanar y restaurar la creación de Dios.
546 ## - NOTA DE IDIOMA
Nota de idioma Texto en inglés.
650 #7 - ASIENTO SECUNDARIO DE MATERIA - TERMINO TEMÁTICO
Término temático o nombre geográfico como elemento de entrada Dios
9 (RLIN) 178
650 #7 - ASIENTO SECUNDARIO DE MATERIA - TERMINO TEMÁTICO
Término temático o nombre geográfico como elemento de entrada Cristianismo y cultura
Subdivisión geográfica África
9 (RLIN) 6960
650 #7 - ASIENTO SECUNDARIO DE MATERIA - TERMINO TEMÁTICO
Término temático o nombre geográfico como elemento de entrada Misiones
Subdivisión geográfica África
9 (RLIN) 1120
650 #7 - ASIENTO SECUNDARIO DE MATERIA - TERMINO TEMÁTICO
Término temático o nombre geográfico como elemento de entrada Etnocentrismo
9 (RLIN) 442
773 0# - ASIENTO DE ITEM FUENTE
Biblionumber 49486
Itemnumber 61121
Lugar, editorial y fecha de publicación Pasadena
Otro identificador del ítem R0893
Título Missiology:
Número de control del registro (CO-MdFUSB)97
Parte(s) relacionada(s) / Volumen., número. (mes año), páginas Volumen 23, (número 1, 1995) páginas: 17 - 29
Enumeración y primera página página: 17
942 ## - TIPO DE MATERIAL (KOHA)
Tipo de Item KOHA Artículos de Revista
945 ## - INFORMACIÓN LOCAL DEL REGISTRO
Catalogador Catherine Arias Álvarez - Practicante SENA

No hay ítems disponibles.

Biblioteca FUSBC | Teléfono: (57+4) 349 88 10 Ext. 141| WhatsApp (+57) 3005338115 
E-mail: biblioteca@unisbc.edu.co | Calle 76 87-14 Robledo Palenque, Medellín, Colombia

Con tecnología Koha